Les jeux vidéos en photo - Statistiques

Statistiques générales
  • Ce quiz a été pris 95 fois
  • Le résultat moyen est 9 sur 12
Statistiques - réponses
Par images Réponse % Correct
Mario
98%
Minecraft
95%
Sonic
94%
Tetris
94%
Pokémon go
91%
Rocket league
90%
Donkey kong
88%
Roblox
88%
Fortnite
74%
The legend of zelda
58%
Sea of thieves
27%
EA sports FC 25
1%
Aucun quiz correspondant
Distribution des résultats
% des personnes avec chaque résultat
Percentile par nombre de réponses
Votre historique - résultats
Vous n’avez pas pris ce quiz